Principles of meat science

Salvato in:
Dettagli Bibliografici
Autori principali: Aberle, Elton D (Autore), Forrest, John C (Autore), Gerrard, David E (Autore), Mills, Edward W (Autore), Hedrick, Harold B (Autore), Judge, Max D (Autore), Merkel, Robert A (Autore)
Natura: Libro
Lingua:inglese
Pubblicazione: Dubuque Kendall-Hunt 2001
Edizione:4a. ed
Soggetti:
Tags: Aggiungi Tag
Nessun Tag, puoi essere il primo ad aggiungerne!!

MARC

LEADER 00000nam a2200000 a 4500
001 UCI3000
003 CL-VaPUC
008 071005e20010000US |||||||||||||||||eng|d
020 |a 0787247200 
082 0 4 |a 664.9  |b ABE  |2 21 
100 0 |a Aberle, Elton D  |e author  |9 524278 
700 0 |a Forrest, John C  |e author  |9 524279 
700 0 |a Gerrard, David E  |e author  |9 524280 
700 0 |a Mills, Edward W  |e author  |9 524281 
700 0 |a Hedrick, Harold B  |e author  |9 524282 
700 0 |a Judge, Max D  |e author  |9 524283 
700 0 |a Merkel, Robert A  |e author  |9 524284 
245 1 0 |a Principles of meat science 
250 |a 4a. ed 
300 |a 354 p 
942 |c BK 
945 |d 20071005 00:00:00  |a cmena 
260 |a Dubuque  |b Kendall-Hunt  |c 2001 
650 7 |a TECNOLOGIA DE ALIMENTOS  |2 CL-VaPUC  |9 524285 
650 7 |a PRODUCTOS CARNEOS  |2 CL-VaPUC  |9 338602 
650 7 |a PRODUCCION ANIMAL  |2 CL-VaPUC  |9 524286 
650 0 |a Control de calidad   |9 259714 
650 0 |a Industria alimentaria  |9 331702 
583 |a last modification  |c 20071005 00:00:00  |k Rodrigo Vera 
999 |c 327397  |d 327395 
952 |0 0  |1 0  |4 0  |6 664_900000000000000_ABE_2001  |7 0  |8 A  |9 410187  |a BIBALI  |b BIBALI  |d 2019-11-22  |i 4327047  |o 664.9 ABE 2001  |p 4327047  |r 2025-01-20  |w 2019-11-22  |y BK  |k ALI